Statistics for Top 100 Harry Potter Characters by Mention

Click here to take the quiz!

General Stats

  • This quiz has been taken 143,014 times
    (142,989 since last reset)
  • The average score is 50 of 100

Answer Stats

#Answer% Correct
18,956Harry Potter
100%
6,464Ron Weasley
99%
5,486Hermione Granger
99%
2,421Albus Dumbledore
98%
1,956Severus Snape
95%
1,797Voldemort
95%
2,024Rubeus Hagrid
91%
1,198Draco Malfoy
89%
771Ginny Weasley
88%
821George Weasley
88%
920Fred Weasley
88%
1,471Sirius Black
87%
770Minerva McGonagall
87%
810Neville Longbottom
83%
127Lily Potter
82%
190James Potter
82%
864Remus Lupin
81%
356Luna Lovegood
79%
249Lucius Malfoy
77%
722Molly Weasley
75%
220Bellatrix Lestrange
74%
486Peter Pettigrew
73%
426Percy Weasley
71%
116Katie Bell
70%
583Alastor "Mad Eye" Moody
70%
353Cedric Diggory
70%
780Arthur Weasley
70%
469Dobby
69%
215Cho Chang
69%
302Bill Weasley
69%
467Dudley Dursley
68%
277Viktor Krum
67%
637Dolores Umbridge
67%
228Gregory Goyle
65%
224Vincent Crabbe
64%
258Fleur Delacour
64%
110Charlie Weasley
63%
242Nymphadora Tonks
62%
140Filius Flitwick
62%
314Petunia Dursley
61%
530Vernon Dursley
60%
179Seamus Finnigan
60%
204Hedwig
59%
212Dean Thomas
55%
262Gilderoy Lockhart
54%
493Cornelius Fudge
50%
122Quirinus Quirrell
50%
89Narcissa Malfoy
49%
123Nearly Headless Nick
48%
262Sybill Trelawney
48%
295Bartemius Crouch, Sr.
47%
208Oliver Wood
45%
141Lavender Brown
42%
133Parvati Patil
42%
432Horace Slughorn
42%
288Argus Filch
42%
63Godric Gryffindor
42%
90Pomona Sprout
41%
70Salazar Slytherin
39%
106Kingsley Shacklebolt
36%
117Garrick Ollivander
35%
119Moaning Myrtle
34%
164Peeves
34%
135Angelina Johnson
33%
162Crookshanks
33%
188Rita Skeeter
33%
77Colin Creevey
32%
312Kreacher
32%
124Xenophilius Lovegood
31%
68Pansy Parkinson
31%
156Poppy Pomfrey
30%
136Buckbeak
28%
79Aberforth Dumbledore
28%
165Igor Karkaroff
27%
109Lee Jordan
26%
112Olympe Maxime
25%
153Rufus Scrimgeour
24%
102Fenrir Greyback
24%
162Winky
23%
73Gellert Grindelwald
22%
105Fang
21%
75Firenze
21%
73Marge Dursley
21%
147Mundungus Fletcher
21%
77Bathilda Bagshot
21%
76Amos Diggory
19%
246Ludo Bagman
19%
140Griphook
18%
72The Fat Lady
18%
63Frank Bryce
17%
73Cormac McLaggen
17%
92Ernie MacMillan
17%
75Grawp
15%
85Stan Shunpike
14%
68Marvolo Gaunt
14%
64Fawkes
13%
62Elphias Doge
11%
89Phineas Nigellus Black
10%
68Bob Ogden
9%
63Morfin Gaunt
8%

Score Distribution

Percentile by Number Answered

Percent of People with Each Score

Your Score History

You have not taken this quiz since the last reset